000 00435nam a2200157 a 4500
001 8899
005 20180713192849.0
008 140415s1976 000 0 spa d
041 _aspa
082 _a584.9
_bUNI
100 1 _aUNIVERSIDAD AUTONOMA METROPOLITANA-XOCHIMILCO
245 1 0 _aMANUAL DE GRAMINEAS
260 _a[s.l.] :
_bPUBLICACIONES UAM-XOCHIMILCO,
_c1976
300 _a345
650 1 4 _aGRAMINEAS
_xMANUAL
999 _c8899
_d8899